banner-ar

الفيزياء الجامعية للعلوم الطبية والحيوية : خواص المادة والحرارة / (Record no. 43949)

MARC details
000 -الفاتح
حقل البيانات ثابتة الطول 00732nam a2200205Ia 4500
008 - عناصر البيانات ثابتة الطول - معلومات عامة
حقل البيانات ثابتة الطول 140319s9999 xx 000 0 ara d
040 ## - مصدر الفهرسة
وكالة الفهرسة الأصلية GCL /
وكالة النسخ GCL
082 04 - رقم تصنيف ديوى العشرى
رقم التصنيف 574.191
رقم المادة ا ف
100 1# - المدخل الرئيسى - إسم شخصى
الإسم الشخصى الطاهر مختار ابو عين
245 10 - بيان العنوان
العنوان الفيزياء الجامعية للعلوم الطبية والحيوية : خواص المادة والحرارة /
بيان المسئوليه,etc الطاهر مختار ابو عين
700 1# - المدخل الاضافى - اسم شخصى
الإسم الشخصى احمد عبدالسلام رحيل
700 1# - المدخل الاضافى - اسم شخصى
الإسم الشخصى فتحى سلطان احمد (مراجع)
700 1# - المدخل الاضافى - اسم شخصى
الإسم الشخصى عبدالحميد محمود الجالى
300 ## - الوصف المادى
التعداد 368 ص
490 ## - بيان السلسلة
عنوان السلسلة
650 04 - المدخل الاضافى بالموضوع-مصطلح موضوعى
مصطلح موضوعي الفيزياء الحيوية
650 04 - المدخل الاضافى بالموضوع-مصطلح موضوعى
مصطلح موضوعي الميكانيكا
942 ## - عناصر المدخل الإضافي( كوها)
مصدر التصنيف او مخطط الترفيف Dewey Decimal Classification
Koha [default] item type كتاب
Holdings
حالة التراجع حالة الفقد حالة تلف ليس للاعارة المكان المؤقت الموقع الحالى تاريخ الاكتساب اجمالي اﻻعارات رقم الطلب الباركود تاريخ اخر مشاهدة تاريخ تفعيل السعر نوع وعاء كوها
        مكتبة القاهرة الكبرى مكتبة القاهرة الكبرى 03/26/2014   574.191\ا ف 106587 03/26/2014 03/26/2014 كتاب
        مكتبة القاهرة الكبرى مكتبة القاهرة الكبرى 03/26/2014   574.191\ا ف 106588 03/26/2014 03/26/2014 كتاب
        مكتبة القاهرة الكبرى مكتبة القاهرة الكبرى 03/26/2014   574.191\ا ف 106589 03/26/2014 03/26/2014 كتاب

Powered By

EGPV